000 00517ntaaa2200193 4500
003 01
005 20251027202903.0
008 0714s1973 ag 01
040 _aAR-BaBN
_bspa
_cAR-BaBN
_eaacr
_dRIC
082 _a269.8000 C26
100 _aCasa Bautista de Publicaciones
_99284
245 _aMi crecimiento en Cristo
250 _a1 ed.
260 _aEl Paso :
_bCasa Bautista de Publicaciones,
_c1968
300 _as.p.
500 _aOrientación para nuevos creyentes
650 _aevangelización
942 _cBK
999 _c24180
_d24180